Vainqueurs de la Coupe du Monde (footballeurs) - Mort subite - Statistiques

Statistiques générales
  • Ce quiz a été pris 693 fois
  • Le résultat moyen est 13 sur 41
Answers on the Grid
Answers color-coded by a green-red scale on the quiz's grid according to % correct below.
Lionel Messi
Julián Alvarez
Lautaro Martinez
Paulo Dybala
Presnel Kimpembe
N'Golo Kanté
Paul Pogba
Kylian Mbappé
Olivier Giroud
Ousmane Dembélé
Antoine Griezmann
Manuel Neuer
Toni Kroos
Miroslav Klose
Mario Götze
Philipp Lahm
Mesut Özil
Bastian Schweinsteiger
Iker Casillas
Xabi Alonso
Sergio Ramos
Andrés Iniesta
Fernando Torres
Gianluigi Buffon
Francesco Totti
Fabio Cannavaro
Andrea Pirlo
Ronaldo (R9)
Ronaldinho
Roberto Carlos
Thierry Henry
Marcel Desailly
Jürgen Klinsmann
Rudi Völler
Lothar Matthäus
Diego Maradona
Franz Beckenbauer
Gerd Müller
Pelé
Sir Bobby Charlton
Fritz Walter
Marco Reus
Paolo Maldini
Roberto Baggio
Johan Cruyff
Oliver Kahn
Franck Ribéry
Arjen Robben
Luka Modric
Michael Ballack
Zlatan Ibrahimovic
Neymar
Marc-André ter Stegen
Joshua Kimmich
David Beckham
Luis Figo
Marco van Basten
Lev Yashin
Ryan Giggs
Peter Schmeichel
Steven Gerrard
Andrij Schewtschenko
Dennis Bergkamp
Ferenc Puskás
Sergio Agüero
Rodri
Alisson
Daniel Carvajal
 
Statistiques - réponses
Réponse % Correct
Lionel Messi
44%
Paul Pogba
44%
Pelé
44%
N'Golo Kanté
42%
Olivier Giroud
42%
Antoine Griezmann
40%
Thierry Henry
40%
Andrés Iniesta
39%
Kylian Mbappé
39%
Ousmane Dembélé
39%
Sergio Ramos
39%
Ronaldo (R9)
38%
Toni Kroos
38%
Iker Casillas
37%
Lautaro Martinez
36%
Manuel Neuer
36%
Marcel Desailly
36%
Diego Maradona
35%
Fabio Cannavaro
35%
Gianluigi Buffon
35%
Julián Alvarez
35%
Roberto Carlos
35%
Mario Götze
34%
Mesut Özil
33%
Philipp Lahm
32%
Ronaldinho
32%
Xabi Alonso
32%
Miroslav Klose
31%
Presnel Kimpembe
31%
Bastian Schweinsteiger
28%
Andrea Pirlo
27%
Fernando Torres
26%
Franz Beckenbauer
26%
Paulo Dybala
26%
Gerd Müller
24%
Lothar Matthäus
21%
Francesco Totti
19%
Sir Bobby Charlton
17%
Jürgen Klinsmann
13%
Rudi Völler
12%
Fritz Walter
6%
Aucun quiz correspondant
Distribution des résultats
% des personnes avec chaque résultat
Percentile par nombre de réponses
Votre historique - résultats
Vous n’avez pas pris ce quiz